Paediatrics : what shall I do?

Bibliographic Details
Corporate Author: Liberman, Mike
Format: Book
Published: Oxford : Butterworth-Heinemann , 1993
Subjects:

MARC

LEADER 00000cam a2200000 7i4500
001 0000000717
005 20021118093000.0
008 021118n
020 |a 0750614021 
090 0 0 |a RJ48.2   |b .L53 1993 
110 0 |a Liberman, Mike 
245 0 0 |a Paediatrics :   |b what shall I do?   |c Mike Liberman 
260 2 |a Oxford :   |b Butterworth-Heinemann ,   |c 1993 
300 |a x, 118 p. ; ;   |c 22 cm. 
504 |a Includes index 
650 0 |a Pediatrics   |x Examinations, questions, etc. 
999 |a 1000000608   |b Book   |c OPEN SHELF (30 DAYS)   |e Gong Badak Campus